Principles and Practices of Taxation in Ghana/ (Record no. 169)
[ view plain ]
| 000 -LEADER | |
|---|---|
| fixed length control field | 00412nam a22001457a 4500 |
| 005 - DATE AND TIME OF LATEST TRANSACTION | |
| control field | 20241024113738.0 |
| 008 - FIXED-LENGTH DATA ELEMENTS--GENERAL INFORMATION | |
| fixed length control field | 241024b |||||||| |||| 00| 0 eng d |
| 020 ## - INTERNATIONAL STANDARD BOOK NUMBER | |
| International Standard Book Number | 9789988032074 |
| 050 ## - LIBRARY OF CONGRESS CALL NUMBER | |
| Classification number | KRX2810.A32005 AGY |
| 100 ## - MAIN ENTRY--PERSONAL NAME | |
| Personal name | Dua-Agyeman Edward |
| Dates associated with a name | 2011 |
| 245 ## - TITLE STATEMENT | |
| Title | Principles and Practices of Taxation in Ghana/ |
| Medium | Text |
| 300 ## - PHYSICAL DESCRIPTION | |
| Extent | xlii, 313 pages |
| Other physical details | appendix |
| Dimensions | 20cm |
| 650 ## - SUBJECT ADDED ENTRY--TOPICAL TERM | |
| Source of heading or term | Taxation Law |
| 942 ## - ADDED ENTRY ELEMENTS (KOHA) | |
| Source of classification or shelving scheme | Library of Congress Classification |
| Koha item type | Books |
| Suppress in OPAC | No |
| 999 ## - | |
| -- | 169 |
| -- | 169 |
| Withdrawn status | Lost status | Source of classification or shelving scheme | Damaged status | Not for loan | Collection | Home library | Current library | Shelving location | Date acquired | Total checkouts | Full call number | Barcode | Date last seen | Copy number | Price effective from | Koha item type |
|---|---|---|---|---|---|---|---|---|---|---|---|---|---|---|---|---|
| Library of Congress Classification | Non-fiction | Law Library (Miotso) | Law Library (Miotso) | Reference | 10/24/2024 | KRX2810.A32005 AGY | LLM00000251 | 10/24/2024 | 1 | 10/24/2024 | Books | |||||
| Library of Congress Classification | Non-fiction | Law Library (Miotso) | Law Library (Miotso) | Reference | 10/24/2024 | KRX2810.A32005 AGY | LLM00000252 | 10/24/2024 | 2 | 10/24/2024 | Books | |||||
| Library of Congress Classification | Non-fiction | Law Library (Miotso) | Law Library (Miotso) | Reference | 10/24/2024 | KRX2810.A32005 AGY | LLM00000253 | 10/24/2024 | 3 | 10/24/2024 | Books | |||||
| Library of Congress Classification | Non-fiction | Law Library (Miotso) | Law Library (Miotso) | Reference | 10/24/2024 | KRX2810.A32005 AGY | LLM00000254 | 10/24/2024 | 4 | 10/24/2024 | Books |